Statistics for Colonies of the Americas in 1775 with a Map

Click here to take the quiz!

General Stats

  • This quiz has been taken 5,883 times
    (4,783 since last reset)
  • The average score is 28 of 53

Answers on the Map

Answers color-coded by a green-red scale on the quiz's map according to % correct below.
 

Answer Stats

Colonies% Correct
Brazil
94%
West Florida
91%
East Florida
90%
New York
88%
Georgia
86%
Virginia
86%
North Carolina
85%
South Carolina
85%
Massachusetts
82%
New Jersey
82%
Maryland
81%
Delaware
80%
Pennsylvania
80%
Connecticut
79%
New Hampshire
79%
Rhode Island
79%
Greenland
78%
Newfoundland
77%
Russian {America}
77%
Bahama Islands
74%
Quebec
73%
Suriname
73%
Jamaica
71%
Peru
69%
New Spain
61%
Bermuda
57%
Nova Scotia
57%
Barbados
54%
French {Guiana}
53%
Grenada
48%
Saint Lucia
47%
Saint Vincent and the Grenadines
45%
Prince Edward Island
42%
Guadeloupe
36%
Martinique
35%
Saint-Pierre and Miquelon
34%
New Granada
29%
Saint Martin
28%
Dutch {West Indies}
27%
Turks and Caicos Islands
27%
Danish {West Indies}
26%
Rupert's Land
26%
Mosquito Coast
25%
Indian Reserve
24%
Tobago
23%
Iroquois
19%
Saint-Domingue
16%
British {Leeward Islands}
15%
Saint Barthélemy
14%
Essequibo
7%
Sacramento
5%
Berbice
4%
Demerara
4%

Score Distribution

Percentile by Number Answered

Percent of People with Each Score

Your Score History

You have not taken this quiz since the last reset